|
|
|
|
| LEADER |
02213nam a2200613 4500 |
| 001 |
ocn861528525 |
| 003 |
OCoLC |
| 005 |
20170124070304.3 |
| 006 |
m o d |
| 007 |
cr cn||||||||| |
| 008 |
130919t20122012gw a ob 001 0 ger d |
| 040 |
|
|
|a E7B
|b eng
|e rda
|e pn
|c E7B
|d OCLCO
|d DG1
|d OCLCF
|d YDXCP
|d N$T
|d IDEBK
|d DEBBG
|d OCLCQ
|d COO
|d GrThAP
|
| 019 |
|
|
|a 857769341
|a 857968706
|
| 020 |
|
|
|a 9783433602522
|q (electronic bk.)
|
| 020 |
|
|
|a 3433602522
|q (electronic bk.)
|
| 020 |
|
|
|a 9783433602553
|q (e-book)
|
| 020 |
|
|
|a 3433602557
|q (e-book)
|
| 020 |
|
|
|a 1299848753
|q (ebk)
|
| 020 |
|
|
|a 9781299848757
|q (ebk)
|
| 020 |
|
|
|z 9783433030202
|
| 020 |
|
|
|z 3433030200
|
| 029 |
1 |
|
|a CHBIS
|b 010259630
|
| 029 |
1 |
|
|a CHVBK
|b 325943613
|
| 029 |
1 |
|
|a DEBBG
|b BV041911306
|
| 029 |
1 |
|
|a NZ1
|b 15916232
|
| 029 |
1 |
|
|a DEBBG
|b BV041997398
|
| 035 |
|
|
|a (OCoLC)861528525
|z (OCoLC)857769341
|z (OCoLC)857968706
|
| 037 |
|
|
|a 516126
|b MIL
|
| 050 |
|
4 |
|a TA684
|b .K56 2012eb
|
| 072 |
|
7 |
|a TEC
|x 009020
|2 bisacsh
|
| 082 |
0 |
4 |
|a 691/.7
|2 23
|
| 049 |
|
|
|a MAIN
|
| 100 |
1 |
|
|a Kindmann, Rolf,
|e author.
|
| 245 |
1 |
0 |
|a Verbindungen im Stahl- und Verbundbau /
|c Rolf Kindmann, Michael Stracke.
|
| 250 |
|
|
|a 3. Auflage.
|
| 264 |
|
1 |
|a Berlin, Germany :
|b Ernst & Sohn,
|c [2012]
|
| 264 |
|
4 |
|c ©2012
|
| 300 |
|
|
|a 1 online resource (470 pages) :
|b illustrations.
|
| 336 |
|
|
|a text
|b txt
|2 rdacontent
|
| 337 |
|
|
|a computer
|b c
|2 rdamedia
|
| 338 |
|
|
|a online resource
|b cr
|2 rdacarrier
|
| 490 |
1 |
|
|a Bauingenieur-Praxis
|
| 504 |
|
|
|a Includes bibliographical references and index.
|
| 588 |
0 |
|
|a Online resource; title from PDF title page (ebrary, viewed September 19, 2013).
|
| 650 |
|
0 |
|a Building, Iron and steel.
|
| 650 |
|
7 |
|a TECHNOLOGY & ENGINEERING
|x Civil
|x General.
|2 bisacsh
|
| 650 |
|
7 |
|a Building, Iron and steel.
|2 fast
|0 (OCoLC)fst00840918
|
| 655 |
|
4 |
|a Electronic books.
|
| 655 |
|
0 |
|a Electronic books.
|
| 700 |
1 |
|
|a Stracke, Michael,
|e author.
|
| 776 |
0 |
8 |
|i Print version:
|a Kindmann, Rolf.
|t Verbindungen im Stahl- und Verbundbau.
|b Third Aufl
|z 9783433030202
|w (OCoLC)813853541
|
| 830 |
|
0 |
|a Bauingenieur-Praxis.
|
| 856 |
4 |
0 |
|u https://doi.org/10.1002/9783433602522
|z Full Text via HEAL-Link
|
| 994 |
|
|
|a 92
|b DG1
|